Mot mystérieux - Série 56 - Statistiques

Statistiques générales
  • Ce quiz a été pris 125 fois
  • Le résultat moyen est 5 sur 10
Statistiques - réponses
Indices Mot % Correct
vierge - nitouche - ville - Trinité sainte
94%
Salem - Cruella - Ursula - Samantha sorcière
85%
avoine - neige - maïs - Koch flocon
80%
rire - papa - bleue - menton barbe
79%
arabe - lettre - grec - phonétique alphabet
67%
sécurité - dégel - corail - garde barrière
67%
détresse - argos - priorité - voiture balise
33%
toile - temps - Ars - campagne curé
22%
haricot - batterie - électrique - coeur cosse
19%
règle - juridiction - mesure - femme exception
0%
Aucun quiz correspondant
Distribution des résultats
% des personnes avec chaque résultat
Percentile par nombre de réponses
Votre historique - résultats
Vous n’avez pas pris ce quiz